000 00301nam a22001337a 4500
008 190306b xxu||||| |||| 00| 0 eng d
020 _a9780071637909
041 _aeng
080 _a610
100 _a4
101 _aSHM
245 _aCurrent Essentials of Medicine
_cTierney, L.M
942 _2udc
_cBK
999 _c54635
_d54635